000 00983nam a22002537a 4500
005 20170124103054.0
010 _aB-057689
020 _c130.00
035 _aB-057689
037 _bCen Lib/Ret
040 _aDPL
_bHN
082 _a
_bदईया
100 _aदईया, सुमेरसिंह
_942810
245 _aमयूर पंख /
_cसुमेरसिंह दईया
246 _aMayur pankh /
_bby Sumer Singh Daiya
260 _aबीकानेर
_bनवीन प्रकाशन
_c2000
270 _aगली नं. 4, हनुमान ह्त्था
_bबीकानेर
_e334001
300 _a176पृ.
_c17सेमी(सजिल्द)
650 _aहिंदी साहित्य
_971377
650 _aहिंदी साहित्य--उपन्यास
_91009
650 _aHindi literature
_971378
650 _aHindi literature--Novel
_971379
942 _2ddc
_cHN
_h
_mदईया
999 _c117330
_d117330